000 01013nam a2200277 i 4500
001 bg
245 0 0 _aTransport drogowy przyjazny środowisku /
_cpod red. Jerzego Jantosa.
260 _aOpole :
_bOficyna Wydawnicza Politechniki Opolskiej,
_c2008.
300 _a77 s. :
_bil. ;
_c24 cm.
490 1 _aStudia i Monografie / Politechnika Opolska,
_x1429-6063 ;
_vz. 217
504 _aBibliogr. przy pracach.
546 _aStreszcz. ang. przy pracach.
650 9 _aKomunikacja drogowa
_xbezpieczeństwo
_zPolska
_yod 2001 r.
650 9 _aOchrona środowiska
650 9 _aTransport drogowy
_xwpływ na środowisko
651 9 _aOpolskie, województwo (od 1999)
_xkomunikacja
_xbezpieczeństwo
700 1 _aJantos, Jerzy.
_eRed.
830 0 _aStudia i Monografie - Politechnika Opolska
_vz. 217
015 _aPB 16687/2008
040 _cBPK
041 0 _apol
_beng
044 _aPOL
080 _a656.1-049.5:504.61:502.13/.14](438)"2001/..."
942 _cKS
008 080508s2008 pl a f |000 0 pol
999 _c55339
_d55339
856 _uhttp://koha.tu.koszalin.pl/cgi-bin/koha/opac-detail.pl?biblionumber=55339
_yKatalog online BPK